00321nam a2200121Ia 4500003000400000008004100004040001600045082001700061245006100078260004800139300000700187490000500194GCL140319s9999 xx 000 0 ara d aGCL / cGCL04a239.8bم ف10aفى بيت النبى صلى الله عليه وسلم a[S.N] : bمكتبة مدبولى ، c1991 a51 a